Commercial property 2011 edited by Anne Rodell (Record no. 5207)

MARC details
000 -LEADER
fixed length control field 00935nam a22002057a 4500
008 - FIXED-LENGTH DATA ELEMENTS--GENERAL INFORMATION
fixed length control field 120917t xxu||||| |||| 00| 0 eng d
020 ## - INTERNATIONAL STANDARD BOOK NUMBER
International Standard Book Number 9-7819-0762-4193
082 ## - DEWEY DECIMAL CLASSIFICATION NUMBER
Edition number 22 ed.
Classification number 346.07
Item number COM
245 ## - TITLE STATEMENT
Title Commercial property 2011 edited by Anne Rodell
260 ## - PUBLICATION, DISTRIBUTION, ETC. (IMPRINT)
Place of publication, distribution, etc Guildford :
Name of publisher, distributor, etc College of law publishing
Date of publication, distribution, etc 2011
300 ## - PHYSICAL DESCRIPTION
Extent xxiii. ; 419 p. :
Dimensions 30 cm.
500 ## - GENERAL NOTE
General note Includes Index
650 ## - SUBJECT ADDED ENTRY--TOPICAL TERM
Topical term or geographic name as entry element Commercial real estate
9 (RLIN) 6791
650 ## - SUBJECT ADDED ENTRY--TOPICAL TERM
Topical term or geographic name as entry element Commercial property
9 (RLIN) 6792
700 ## - ADDED ENTRY--PERSONAL NAME
Personal name Rodell, Anne
9 (RLIN) 6793
942 ## - ADDED ENTRY ELEMENTS (KOHA)
Source of classification or shelving scheme Dewey Decimal Classification
Item type Books
Holdings
Withdrawn status Lost status Source of classification or shelving scheme Damaged status Not for loan Home library Current library Shelving location Date acquired Total Checkouts Full call number Barcode Date last seen Copy number Price effective from Koha item type Public note
    Dewey Decimal Classification     Law Development Centre Main Library Law Development Centre Main Library Text Books and Laws 09/17/2012   346.07 COM 4003/2012 09/17/2012 1 09/17/2012 Books Reserve book
    Dewey Decimal Classification     Law Development Centre Main Library Law Development Centre Main Library Text Books and Laws 09/17/2012   346.07 COM 4004/2012 09/17/2012 2 09/17/2012 Books Reserve book
    Dewey Decimal Classification     Law Development Centre Main Library Law Development Centre Main Library Text Books and Laws 09/17/2012   346.07 COM 4005/2012 09/17/2012 3 09/17/2012 Books Reserve book